000 00679nam a22002297a 4500
999 _c6007
_d6007
003 AR-CdUCM
008 190313b ||||| |||| 00| 0 spa d
040 _aMUNICIPALIDAD PROVINCIAL DEL CUSCO
_cBIBLIOTECA MUNICIPAL DEL CUSCO
082 _a818.5 /
_bA81
100 _aAsimov, Isaac
_917579
245 _aEn lo profundo /
260 _aBuenos aires :
_bE.D.H.A.S.A.,
300 _a246 paginas ;
_c17 cm.
440 _n83
_917580
500 _aDonación de la familia Nieto.
505 _aContenido :En lo profundo.
650 _aHistorietas
_910786
650 _aLiteratura del siglo xx
_97647
650 _aLiteratura argentina
_984
942 _2ddc
_cLIBROS
945 _arum